Normal view
MARC view
- BHAT,HARI N.K DR
Entry Personal Name
001 - CONTROL NUMBER
- control field: 90732
003 - CONTROL NUMBER IDENTIFIER
- control field: NUST
005 - DATE AND TIME OF LATEST TRANSACTION
- control field: 20220330100243.0
008 - FIXED-LENGTH DATA ELEMENTS
- fixed length control field: 220330|| aca||aabn | a|a d
040 ## - CATALOGING SOURCE
- Original cataloging agency: NUST
- Transcribing agency: NUST
100 ## - HEADING--PERSONAL NAME
- Personal name: BHAT,HARI N.K DR
670 ## - SOURCE DATA FOUND
- Source citation: Work cat.: (NUST): BHAT,HARI N.K DR., DIGITAL COMMUNICATIONS/, 2019.
